[Event "Collado Villalba op-B 32nd"]
[Site "Collado Villalba"]
[Date "2015.08.24"]
[Round "3"]
[White "Borovyev, Svytoslav"]
[Black "Fernandez Garcia, Emiliano"]
[Result "1-0"]
[WhiteElo "1740"]
[BlackElo "1534"]
[PlyCount "63"]
[EventDate "2015.08.22"]
[EventType "swiss"]
[EventRounds "9"]
[EventCountry "ESP"]
[SourceTitle "EXT 2016"]
[Source "ChessBase"]
[SourceDate "2015.10.08"]
[SourceVersion "1"]
[SourceVersionDate "2015.10.08"]
[SourceQuality "1"]

1. e4 c5 2. d4 cxd4 3. c3 dxc3 4. Nxc3 e6 5. Nf3 a6 6. Bc4 Qc7 7. Qe2 b5 8. Bb3 Bb7 9. 0-0 Nc6 10. Rd1 g6 11. Be3 Nf6 12. Rac1 Rd8 13. Bg5 Be7 14. Bh6 Bf8 15. Bxf8 Kxf8 16. Qe3 h6 17. h3 b4 18. Na4 Qb8 19. Nc5 Bc8 20. Nxe6+ fxe6 21. Rxc6 Kg7 22. Rc2 Bb7 23. Rd4 a5 24. e5 Nd5 25. Bxd5 Bxd5 26. Ne1 Bxa2 27. b3 Bxb3 28. Qxb3 Qxe5 29. Nf3 Qb5 30. Qb2 Kh7 31. Rd6 Rhf8 32. Ne5 1-0